50 Islands on a World Map - Statistics

General Stats
  • This quiz has been taken 375 times
    368 since last reset
  • The average score is 32 of 50
Answers on the Map
Answers color-coded by a green-red scale on the quiz's map according to % correct below.
 
Answer Stats
Island % Correct
Greenland
99%
Iceland
99%
Great Britain
98%
Ireland
98%
Madagascar
98%
Cuba
96%
Sri Lanka
93%
Tasmania
92%
Borneo
91%
Java
90%
Taiwan
90%
New Guinea
88%
Sicily
87%
North Island
86%
South Island
86%
Hispaniola
84%
Hokkaido
84%
Sumatra
83%
Honshu
82%
Sardinia
82%
Newfoundland
81%
Baffin
76%
Corsica
76%
Hawaii
73%
Sulawesi
72%
Luzon
71%
Timor
68%
Hainan
67%
Sakhalin
64%
Kyushu
61%
Mindanao
59%
Victoria
59%
New Caledonia
58%
Ellesmere
57%
Vancouver
53%
Tierra del Fuego
49%
Shikoku
46%
Banks
40%
New Britain
32%
Palawan
31%
Negros
26%
Devon
23%
Severny
22%
Viti Levu
21%
Marajó
18%
Yuzhny
18%
Halmahera
16%
Southampton
15%
Ceram
14%
Melville
12%
No matching quizzes found
Score Distribution
Percent of People with Each Score
Percentile by Number Answered
Your Score History
You have not taken this quiz since the last reset